000
00201nam a2200085Ia 4500
008
180219s9999 xx 000 0 und d
100
_a
Minsi Premchand
245
0
_a
Prem Chand Ki Anmol Kahaniya
260
_a
Mathura
260
_c
2012
999
_c
43285
_d
43285